List of Disney Princesses - Statistics

General Stats
  • This quiz has been taken 5,462 times
  • The average score is 9 of 11
Answer Stats
Hint Answer % Correct
The first Disney Princess Snow White
97%
Not noble-born; she becomes a Princess by marriage Cinderella
92%
Noble-born; the firstborn daughter (and only child) of the Sultan of Agrabah Jasmine
90%
Her preferred weapon is a frying pan Rapunzel
88%
First African-American princess Tiana
84%
First princess to have not been born human Ariel
83%
The only non-royal princess and the first princess to be based on a legend Mulan
81%
This princess had the least amount of screen time Aurora
78%
First princess to have been the antagonist of her love interest Belle
71%
First princess to have been loosely based on a real person Pocahontas
71%
First Pixar Princess Merida
66%
No matching quizzes found
Score Distribution
Percent of People with Each Score
Percentile by Number Answered
Your Score History
You have not taken this quiz